000 00692nam a2200277Ia 4500
005 20260320195841.0
008 008 262003s9999 xx 000 0 hin d
020 _a9789388933254
037 _aEBOOK
040 _aCRL
040 _bhin
040 _cCRL
041 _2hin
041 _ahin
084 _qCRL
100 _aसुरेंद्र मोहन पाठक
_91133303
245 0 _aहम नहीं चंगे बुरा न कोय
250 _a1st
260 _bRajkamal
260 _c2019
300 _a422
856 _uhttps://ebook.indiaread.in/pdfs/9789388933254.pdf
942 _cEBOOK
999 _c1716838
_d1716838